Statistics for 15 Second Typing Test (A-Z10)

Click here to take the quiz!

General Stats

  • This quiz has been taken 81 times
  • The average score is 24 of 36

Answer Stats

A-Z% Correct
Aa
100%
Bb
100%
Cc
94%
Dd
94%
Ee
94%
Ff
94%
Gg
94%
Hh
88%
Ii
88%
Jj
88%
Kk
88%
Ll
81%
Mm
75%
Nn
75%
Oo
75%
Pp
75%
Qq
75%
Rr
75%
Ss
75%
Tt
75%
Uu
75%
Vv
75%
Ww
69%
Xx
63%
Yy
56%
Zz
56%
11
38%
22
38%
33
31%
44
31%
55
31%
66
31%
77
31%
88
31%
99
25%
1010
13%

Score Distribution

Percentile by Number Answered

Percent of People with Each Score

Your Score History

You have not taken this quiz